[Event "Mittelrhein Verbandsliga-W 18/19"]
[Site "Nordrheinwestfalen"]
[Date "2019.02.10"]
[Round "7.7"]
[White "Walter, Robert"]
[Black "Freialdenhoven, Manfred"]
[Result "1/2-1/2"]
[WhiteElo "1614"]
[BlackElo "1773"]
[PlyCount "118"]
[EventDate "2018.09.02"]
[EventType "team-tourn"]
[EventRounds "11"]
[EventCountry "GER"]
[SourceTitle "EXT 2022"]
[Source "ChessBase"]
[SourceDate "2021.10.06"]
[SourceVersion "1"]
[SourceVersionDate "2021.10.06"]
[SourceQuality "1"]
[WhiteTeam "Koeln Lasker II"]
[BlackTeam "Pulheim"]
[WhiteTeamCountry "GER"]
[BlackTeamCountry "GER"]

1. d4 d5 2. c4 c6 3. Nf3 Nf6 4. Nc3 e6 5. e3 Nbd7 6. Bd3 dxc4 7. Bxc4 b5 8. Bd3 Bb7 9. 0-0 a6 10. Re1 c5 11. b3 Be7 12. a4 b4 13. Nb1 cxd4 14. exd4 0-0 15. Nbd2 Rc8 16. a5 Nd5 17. Ne4 Nc3 18. Nxc3 bxc3 19. Bc4 Nf6 20. Qd3 Nd5 21. Be3 Bb4 22. Ng5 Nf6 23. Bf4 h6 24. Nxf7 Rxf7 25. Bxe6 Bd5 26. Bxf7+ Bxf7 27. Qxa6 c2 28. Rec1 Bxb3 29. Qb7 Nd5 30. Be5 Qf8 31. Bd6 Qd8 32. Bxb4 Rb8 33. a6 Rxb7 34. axb7 Nb6 35. Bc5 Qb8 36. Bxb6 Qxb7 37. Bc5 Qb5 38. h3 Qc4 39. Re1 Ba2 40. Rac1 Qd3 41. Bb6 Bd5 42. Bc7 Qg6 43. Bg3 h5 44. h4 Qc6 45. f3 Qg6 46. Kh2 Qd3 47. Be5 Qd2 48. Kg1 Bc4 49. g3 Be2 50. Bf4 Qxd4+ 51. Kg2 Qd3 52. Kf2 Qxf3+ 53. Kg1 Qd3 54. Kf2 Bg4 55. Rf1 Qe2+ 56. Kg1 Bh3 57. Rf2 Qd1+ 58. Kh2 Bg4 59. Rfxc2 Qf3 1/2-1/2